| 000 | 00881cam a2200253 i 4500 | ||
|---|---|---|---|
| 999 |
_c7469 _d7469 |
||
| 005 | 20200309130600.0 | ||
| 008 | 171121t20172017sz a 000 0 eng | ||
| 010 | _a 2017449477 | ||
| 020 | _a9783035614855 (paperback) | ||
| 040 |
_aDLC _beng _erda _cDLC |
||
| 042 | _apcc | ||
| 043 | _an-us-ca | ||
| 050 | 0 | 0 |
_aNA737.J66 _bH68 2017 |
| 082 |
_a720.922 _bMAR |
||
| 245 | 0 | 0 |
_aHouse is a house is a house is a house is a house : _barchitectures and collaborations of Johnston Marklee / _cReto Geiser, editor. |
| 250 | _a2. edition. | ||
| 300 |
_a271 pages : _billustrations (some color) ; _c24 cm |
||
| 610 | 2 | 0 | _aJohnston Marklee (Firm) |
| 650 | 0 |
_aArchitecture _zCalifornia _zLos Angeles _xHistory _y21st century. |
|
| 700 | 1 |
_aGeiser, Reto, _eeditor. |
|
| 906 |
_a7 _bcbc _corignew _d2 _encip _f20 _gy-gencatlg |
||
| 942 | _2ddc | ||